| 000 | 00491nam a2200181Ia 4500 | ||
|---|---|---|---|
| 003 | LK-CoDNM | ||
| 008 | 010623t xxu||||| |||| 00| 1 eng d | ||
| 040 |
_aLK-CoDNM _dLK-CoDNM _eLK-CoDNM |
||
| 041 | _aeng | ||
| 080 | _a738 DES(RC) | ||
| 100 | _aDe Silva,Nimal. | ||
| 245 | _aA Catalogue of Ancient Pottery from Sri Lanka | ||
| 260 | _bPostgraduate Institute of Archaeology | ||
| 300 | _b351p,Pl., 30 cm | ||
| 650 | _aHandicraft | ||
| 700 | _aDissanayake,Ranjith Bandara. | ||
| 942 | _cBK | ||
| 999 |
_c133382 _d133382 |
||